| 000 | 00795cam a2200253 4500 | ||
|---|---|---|---|
| 001 | J99184 | ||
| 008 | 000000n1999 000 0 eng u | ||
| 035 | _a(Sirsi) u111335 | ||
| 050 | _a331.28169 | ||
| 110 |
_aHays Montrose _91032 |
||
| 245 | _aConsultants salary guide 1999. | ||
| 260 |
_aLondon _bHays Montrose _c1999 |
||
| 300 | _a57p. ; 21x30cm. | ||
| 350 | _a87.00 | ||
| 520 | _aPublished in conjunction with Building magazine. Covers architects, quantity surveyors, building surveyors, and civil and structural engineers. | ||
| 650 | _aSALARIES | ||
| 650 | _aARCHITECTS | ||
| 650 | _aQUANTITY SURVEYORS | ||
| 650 | _aBUILDING SURVEYORS | ||
| 650 | _aENGINEERS | ||
| 690 | _aMANAGEMENT-BUSINESS MANAGEMENT-PROFESSIONAL PRACTICE | ||
| 710 |
_aBuilding _91694 |
||
| 942 | _n0 | ||
| 999 |
_c101222 _d101222 |
||